The Missing Word - Famous Songs - Statistics

General Stats
  • This quiz has been taken 116 times
  • The average score is 16 of 20
Answer Stats
Singer Title % Correct
Cindy Lauper Girls Just Wanna Have {FUN}
95%
Whitney Houston I Wanna {DANCE} with Somebody
91%
Bon Jovi Livin' on a {PRAYER}
91%
Led Zeppelin {STAIRWAY} to Heaven
90%
Louis Armstrong What a {WONDERFUL} World
89%
Neil Diamond {SWEET} Caroline
88%
Guns'n'Roses Sweet {CHILD} O' Mine
87%
Beatles Eight {DAYS} a Week
85%
Wham! Careless {WHISPER}
83%
Gloria Gaynor I Will {SURVIVE}
83%
Bruce Springsteen {BORN} in the U.S.A.
80%
Pink Floyd Another {BRICK} in the Wall
79%
R.E.M. Losing My {RELIGION}
79%
Madonna Like a {VIRGIN}
78%
Tracy Chapman {FAST} Car
77%
Chuck Berry {JOHNNY} B. Goode
72%
Ray Orbison Oh, {PRETTY} Woman
68%
Dire Straits {SULTANS} of Swing
68%
Simon & Garfunkel Bridge Over {TROUBLED} Water
65%
Rolling Stones Sympathy for the {DEVIL}
59%
No matching quizzes found
Score Distribution
Percent of People with Each Score
Percentile by Number Answered
Your Score History
You have not taken this quiz